000
00309nam a22001337a 4500
008
181107b xxu||||| |||| 00| 0 eng d
020
_a
9780534149949
041
_a
eng
080
_2
4 th
_a
101
100
_a
23
101
_a
FIL
245
_a
Philosphy A Text With Readings
_c
Mnauel.V
942
_2
udc
_c
BK
999
_c
52199
_d
52199